| 000 | 00549nam a22001817a 4500 | ||
|---|---|---|---|
| 008 | 150601b xxu||||| |||| 00| 0 eng d | ||
| 020 | _a9780073210551 | ||
| 041 | 0 | _aeng | |
| 080 | _a658.31 | ||
| 100 | 1 | _aLussier, Robert N. | |
| 245 | 1 | 0 |
_aHuman relations in organizations : _cRobert N. Lussier. |
| 250 | _a7th ed. | ||
| 260 |
_aBoston, MA : _bMcGraw-Hill/Irwin, _cc2006. |
||
| 300 |
_a678 f. : _bme il. ; _c28 cm. |
||
| 650 | 0 | _aSjellja organizative | |
| 650 | 0 | _aMarrëdhëniet ndërpersonale | |
| 942 |
_2udc _cBK |
||
| 999 |
_c941 _d941 |
||